000
00307nam a22001337a 4500
008
180202b xxu||||| |||| 00| 0 eng d
020
_a
9780143113874
041
_a
eng
080
_a
101
100
_a
24
101
_a
FIL
245
_a
Plato and a platypus walk into a bar
_c
Cathcart,Th
942
_2
udc
_c
BK
999
_c
41654
_d
41654